000 01704nam a2200241Ia 4500
999 _c53205
_d53205
001 20246
003 GE_BSU
005 20210330104502.0
008 181216s2016||||ge |||||||||||||| ||geo||
040 _cGE_BSU
041 _ageo
080 _a902 ჩ-95
100 _aჩხატარაშვილი, გურამ
_910822
245 _aსამხრეთ კავკასიის ფინალური ზედა პალეოლითის რეგიონალური თავისებურებანი (ძუძუანას და საწურბლიას მღვიმეების მიხედვით)/
_cგურამ, ჩხატარაშვილი; სამეცნ. ხელმძღვანელი თ. მეშველიანი; ბათუმის შოთა რუსთაველის სახელმწიფო უნ-ტი.
264 _aბათუმი,
_c2016.
300 _a184 გვ.
_b30 სმ.
653 _aარქეოლოგია
653 _aდისერტაცია
653 _aსამხრეთ კავკასიის ფინალური ზედა პალეოლითის რეგიონალური თავისებურებანი (ძუძუანას და საწურბლიას მღვიმეების მიხედვით)
700 _aმეშველიანი, თ.
_eსამეცნ. ხელმძღვანელი
_910823
710 _aბათუმის შოთა რუსთაველის სახელმწიფო უნ-ტი
_910824
942 _cBK
_2udc